2020's Music Videos by Picture - Statistics

General Stats
  • This quiz has been taken 333 times
  • The average score is 9 of 12
Answer Stats
Picture Answer % Correct
Blinding Lights - The Weeknd
89%
As It Was - Harry Styles
85%
Flowers - Miley Cyrus
81%
good 4 u - Olivia Rodrigo
80%
Anti-Hero - Taylor Swift
79%
Taste - Sabrina Carpenter
78%
we can’t be friends (wait for your love) - Ariana Grande
72%
What Was I Made For? - Billie Eilish
72%
HOT TO GO! - Chappell Roan
69%
Easy On Me - Adele
67%
Levitating - Dua Lipa
64%
Rain On Me - Lady Gaga
63%
No matching quizzes found
Score Distribution
Percent of People with Each Score
Percentile by Number Answered
Your Score History
You have not taken this quiz